000 00700nam a2200241 a 4500
001 27466
003 BD-RjUL
005 20211209051146.0
008 140325t1932 enk 001 0 eng d
035 _a(BD-RjuL)27540
040 _aEQO
_cEQO
_beng
_dBD-RjUL
041 _aeng
082 0 4 _a956.94
_bSTZ
100 1 _aStein, Leonard,
_d1887-1973.
_984395
245 1 0 _aZionism /
_cby Leonard Stein.
260 _aLondon :
_bKegan Paul, Trench, Trubner & Co.,
_c1932.
300 _aviii, 206 p. ;
_c29 cm.
504 _aIncludes bibliographical reference and index.
650 0 _aZionism.
_971861
650 0 _aJews
_xRestoration.
_984396
650 0 _aJewish nationalism.
_984397
942 _2ddc
_cBK
999 _c27466
_d27466